000 00594nam a2200229Ia 4500
003 0100
008 130303s9999 xx 000 0 und d
040 _cARRUPELIB
050 _aBF173.F85W56
100 _aWolman, Benjamin B.
245 4 _aThe unconscious mind
245 _bthe meaning of Freudian Psychology
260 _aNew Jersey
260 _bPrentice-Hall
260 _C1968
300 _a244p.
300 _b 22cm
650 _bChristianity and other religions
650 _cReligious pluralism--Christianity
650 _dCatholic church--Relations
942 _2lcc
_03
999 _c61991
_d61991